| 000 | 00000nam##2200000za#4500 |
| 001 | 9.640194 |
| 003 | CaOODSP |
| 005 | 20210624222543 |
| 007 | cr ||||||||||| |
| 008 | 150407|2011||||xxc|||||o f|0| 0 fre|d |
| 020 | |a978-1-100-99118-4 |
| 040 | |aCaOODSP|bfre |
| 043 | |an-cn--- |
| 086 | 1 |aT29-103/2012F-PDF |
| 110 | 1 |aCanada.|bTransports Canada. |bSécurité maritime. |
| 245 | 10|aCours de base sur simulateur de salle des machines |h[ressource électronique] |
| 250 | |a2e éd. |
| 260 | |aOttawa - Ontario : |bTransports Canada. |cDécembre 2011. |
| 300 | |a55p.|btableaux |
| 500 | |a«Date de publication originale : avril 1992 » |
| 590 | |a14-12-Supp|b2014-05-30 |
| 775 | 08|tEngine room simulator - base courses |w(CaOODSP)9.696076 |
| 856 | 40|ahttp://publications.gc.ca|qPDF|s469 Ko|uhttps://publications.gc.ca/collections/collection_2014/tc/T29-103-2012-fra.pdf |
| 986 | |aTP 10935F |